Normal view
MARC view
- Javed, Inam-ul-Haq
Entry Personal Name
001 - CONTROL NUMBER
- control field: 14461
003 - CONTROL NUMBER IDENTIFIER
- control field: NUST
005 - DATE AND TIME OF LATEST TRANSACTION
- control field: 20190521063653.0
008 - FIXED-LENGTH DATA ELEMENTS
- fixed length control field: 190521|| aca||aabn | a|a d
040 ## - CATALOGING SOURCE
- Original cataloging agency: NUST
- Transcribing agency: NUST
100 ## - HEADING--PERSONAL NAME
- Personal name: Javed, Inam-ul-Haq
670 ## - SOURCE DATA FOUND
- Source citation: Work cat.: (NUST): Javed, Inam-ul-Haq, Khus Biyania /, 1999.
